Statystyki dla Skoki Narciarskie - trenerzy Włoch

Kliknij tutaj aby rozwiązać quiz!

Ogólne statystyki

  • Ten quiz został rozwiązany 9 razy
  • Średni wynik to 6 z 15

Statystyki odpowiedzi

HintOdpowiedź% Poprawnych
2016-2019Łukasz Kruczek
100%
2022-2023David Jiroutek
88%
2009-2014Jakub Jiroutek
88%
2023-Jakub Jiroutek
88%
2019-2022Andrea Morassi
63%
2006-2008Roberto Cecon
50%
1999-2004Giafranco Oballa
13%
1986-1992Hannu Lepistö
13%
1998-1999Hannu Lepistö
13%
2004-2006Hannu Lepistö
13%
1992-1993Joachim Winterlich
13%
2008-2009Leonardo de Crignis
13%
1993-1995Ludvik Zajc
13%
2014-2015Paolo Bernardi
13%
2015-2016Walter Cogoli
13%

Rozkład punktacji

Percentyl według liczby udzielonych odpowiedzi

Procent ludzi z każdym wynikiem

Twoja historia wyników

Nie rozwiązałeś tego quizu